000
00237nam a22000857a 4500
008
170622b xxu||||| |||| 00| 0 eng d
100
_9
3634
_a
Hessenbruch. A
245
_a
Encyclopedia of the History Science
260
_a
New delhi
_b
Pentagon
_c
2002
999
_c
7025
_d
7025